000
00321nam a22001457a 4500
003
SGT
020
_a
9789387973381
082
_a
635
_b
B18K
100
_a
KUMAR, N.
245
_a
BREEDING OF HORTICULTURE CROPS
260
_a
DELHI
_b
NEW INDIA PUB
_c
2018
300
_a
202
650
_a
HORTICULTURE
942
_2
ddc
_c
BK
_0
6
999
_c
17018
_d
17018